-
Congreso Internacional de Investigación Científica (20º : 2025 : Santo Domingo, República Dominicana)
Entrada Nombre de reunión
Número de registros utilizados en: 1
001 - NÚMERO DE CONTROL
003 - IDENTIFICADOR DEL NÚMERO DE CONTROL
- campo de control:
DR-UNIBE
005 - FECHA Y HORA DE LA ÚLTIMA TRANSACCIÓN
- campo de control:
20250930101528.0
008 - DATOS DE LONGITUD FIJA
- campo de control de longitud fija:
250930|| aca||aabn | a|a d
040 ## - FUENTE DE LA CATALOGACIÓN
- Centro catalogador/agencia de origen:
DR-UNIBE
- Centro/agencia transcriptor:
DR-UNIBE
111 ## - ENCABEZAMIENTO--NOMBRE DE CONGRESO/REUNIÓN
- Nombre de congreso/reunión o jurisdicción como elemento de entrada:
Congreso Internacional de Investigación Científica (20º : 2025 : Santo Domingo, República Dominicana)
670 ## - FUENTE DE DATOS ENCONTRADOS
- Cita de la fuente:
Work cat.: (DR-UNIBE)114109: Congreso Internacional de Investigación Científica (20º : 2025 : Santo Domingo, República Dominicana), Programa y libro de resúmenes : , 2025